000 01251nam0a2200325 i 4500
001 RU\NLR\BIBL_A\011162225
005 20260405064340.0
010 _a9785959801809
_9100
021 _aRU
_b2016-45255
_92905
035 _a(NILC)RuMoRGB-008505321
035 _a(NLR Aleph) 011162225
090 _a11722466
_c11722466
100 _a20160620d2016 u y0rusy50 ca
101 0 _arus
102 _aRU
105 _ay|||z||||||y|
200 1 _aНеомарксистская трактовка истории человечества
_fЮ. Иванов
210 _aМосква
_cЕ.В. Карпов
_d2016
215 _a28 с.
_d21
600 1 _aЭнгельс
_bФ.
_f1820 - 1895
_gФридрих
_xИсторические взгляды
_92292848
_3RU\NLR\AUTH\6601600409
600 1 _aМаркс
_bК.
_f1818 - 1883
_gКарл
_xИсторические взгляды
_92255145
_3RU\NLR\AUTH\661352477
675 _a316
686 1 _aА337:Т
686 1 _aА347:Т
700 1 _7ca
_8rus
_aИванов
_bЮ. М.
_cд-р ист. наук, канд. экон. наук
_f1929-
_gЮрий Михайлович
_95548
_3RU\NLR\AUTH\7722491
801 0 _aRU
_bРГБ
_c20160601
_gRCR
942 _cBOOK
980 _aNBR